| 000 | 00656nam a22002177a 4500 | ||
|---|---|---|---|
| 999 |
_c2828 _d2828 |
||
| 001 | 15166 | ||
| 003 | BD-DhUAP | ||
| 005 | 20200227163053.0 | ||
| 008 | 200227s2001 enka|||| |||| 00| 0 eng d | ||
| 020 | _a0714839256 | ||
| 040 |
_aBD-DhUAP _bEng _cBD-DhUAP _dBD-DhUAP |
||
| 082 |
_223 _a720.92 DAV |
||
| 100 | _aDavies, Colin. | ||
| 245 |
_aHopkins2 : _bthe work of Michael Hopkins and Partners / _cColin Davies. |
||
| 260 |
_aLondon : _bPhaidon Press, _cc2001. |
||
| 300 |
_a240 pages : _billustrations ; _c29 cm. |
||
| 500 | _aIncludes index. | ||
| 600 | _aMichael Hopkins and Partners. | ||
| 650 |
_aArchitecture, Postmodern _zEngland. |
||
| 942 |
_2ddc _cBK |
||